Fallout 76 trivia (Hard) - Statistics

General Stats
  • This quiz has been taken 4 times
  • The average score is 5 of 16
Answer Stats
Hint Answer % Correct
Color of the fames if the Holy Fire Blue
67%
The rarest outfit dropped from Forest region events (0.03% chance) Forest Camo Jumpsuit
67%
The name of the robot messenger who tracks you down across the map just to Insult you Insult Bot
67%
The rarest color of the Asylum Worker Uniform Red
67%
Enemies can only be killed by a final melee hit Resilient
67%
What is the chance (%) of you getting a legendary mod from scrapping a weapon/armor/modbox? 1
33%
The amount of wood required to build a single standard wooden wall in a C.A.M.P. 4
33%
What SPECIAL stat has a hard cap at 25? Charisma
33%
What does the weapon effect "Cursed" INCREASE? Damage
33%
What does the weapon effect "Cursed" DECREASE? Durability
33%
Enemies explode upon death Volatile
33%
Enemies are invisible when they are not attacking Camoflauged
0%
The name of the cat that lives at the Wixon Homestead Murgle
0%
Enemies reflect damage back to the player every 5 seconds Reflective
0%
The cultist group that specifically worships the "Wise" version of the Mothman The Enlightened
0%
The real-world location that served as the primary inspiration for "The Whitespring" resort The Greenbrier
0%
No matching quizzes found
Score Distribution
Percent of People with Each Score
Percentile by Number Answered
Your Score History
You have not taken this quiz